000 00682nam a2200181 i 4500
001 93975
003 ES-MaACL
005 20230906181345.0
007 t|
008 050426s1980 sp ||||1| spa d
100 1 _aLópez-Rey y Arrojo, Manuel.
_973916
245 1 0 _aAnálisis político-criminal del Proyecto oficial del Código penal español /
_cManuel López-Rey y Arrojo.
260 _aMadrid :
_bInstituto Nacional de Estudios Jurídicos,
_c1980.
300 _a12 h. ;
_c24 cm.
500 _aEs tirada aparte de "Anuario de Derecho penal y ciencias penales"
710 2 _aInstituto Nacional de Estudios Jurídicos (España)
_95163
852 _aES-MaACL
_j2118-F-17
_bR.101065
999 _c93975
_d93975